The Switherby pilgrims / (Record no. 5535)

MARC details
000 -LEADER
fixed length control field 01225cam a2200301 a 4500
001 - CONTROL NUMBER
control field 5535
003 - CONTROL NUMBER IDENTIFIER
control field FISKH
005 - DATE AND TIME OF LATEST TRANSACTION
control field 20241217095318.0
008 - FIXED-LENGTH DATA ELEMENTS--GENERAL INFORMATION
fixed length control field 050126r20051967ndu j 000 1 eng
010 ## - LIBRARY OF CONGRESS CONTROL NUMBER
LC control number 2005921336
020 ## - INTERNATIONAL STANDARD BOOK NUMBER
International Standard Book Number 188393799X (pbk. : acidfree paper)
040 ## - CATALOGING SOURCE
Original cataloging agency DLC
Transcribing agency DLC
Language of cataloging eng
050 ## - LIBRARY OF CONGRESS CALL NUMBER
Classification number PZ7.S7475
082 ## - DEWEY DECIMAL CLASSIFICATION NUMBER
Classification number 813
100 1# - MAIN ENTRY--PERSONAL NAME
Personal name Spence, Eleanor.
245 14 - TITLE STATEMENT
Title The Switherby pilgrims /
Statement of responsibility, etc. Eleanor Spence ; Illustrated by Corinna Gray
260 ## - PUBLICATION, DISTRIBUTION, ETC.
Place of publication, distribution, etc. London :
Name of publisher, distributor, etc. Oxford University Press,
Date of publication, distribution, etc. 1967.
300 ## - PHYSICAL DESCRIPTION
Extent 170 pages :
Dimensions Illustrations ;
Other physical details 22 cm
520 ## - SUMMARY, ETC.
Summary, etc. In 1825, concerned for the future of her ten orphan charges in the grim factory towns of their native England, Miss Arabella Braithewaite, known to the children as Missabella, decides to take a land grant in Australia and makes the long, daunting journey with her wards to the austere bush country of New South Wales.
650 #1 - SUBJECT ADDED ENTRY--TOPICAL TERM
Topical term or geographic name entry element Orphans
Form subdivision Fiction.
650 #1 - SUBJECT ADDED ENTRY--TOPICAL TERM
Topical term or geographic name entry element Immigrants
Form subdivision Fiction.
650 #1 - SUBJECT ADDED ENTRY--TOPICAL TERM
Topical term or geographic name entry element Frontier and pioneer life
Form subdivision Fiction.
651 #1 - SUBJECT ADDED ENTRY--GEOGRAPHIC NAME
Geographic name Australia
General subdivision History
Chronological subdivision 1788-1851
Form subdivision Fiction.
700 ## - ADDED ENTRY--PERSONAL NAME
Personal name Gray, Corinna
Relator term Illustrator
906 ## - LOCAL DATA ELEMENT F, LDF (RLIN)
a 7
b cbc
c origcop
d 2
e epcn
f 20
g y-gencatlg
942 ## - ADDED ENTRY ELEMENTS (KOHA)
Source of classification or shelving scheme Dewey Decimal Classification
Koha item type Books
Suppress in OPAC No
Holdings
Withdrawn status Lost status Source of classification or shelving scheme Damaged status Not for loan Collection Home library Current library Shelving location Date acquired Total Checkouts Full call number Barcode Date last seen Price effective from Koha item type
    Dewey Decimal Classification     Fiction Footprints International School Library Network Toul Kork Campus Footprints International School Library Network Toul Kork Campus TTP Secondary Fiction Bookshelves 12/17/2024   SPE 813 PZ7.S7475 2024-2459 12/17/2024 12/17/2024 Books